000 01198nam a2200277 i 4500
001 182142
003 ES-MaACL
005 20240208063119.0
008 130620s2012 sp a | |||||||| | spa d
017 _aM 19775-2012
_bOficina Depósito Legal Madrid
020 _a9788493641597
080 _a929 Botella Llusiá, José
100 1 _aBotella Llusiá, José,
_d1912-2002
_eaut
_930758
245 1 0 _aCartas a Maripepa :
_brelatos íntimos de tiempos cruciales /
_cJosé Botella Llusiá.
250 _a1ª ed.: 2012
260 _aMadrid :
_bCátedra "Gregorio Marañón", Ateneo de Madrid,
_c2012
300 _a596 páginas, [32] páginas de láminas (blanco y negro y color) ;
_c25 cm
500 _aÍndice
600 1 4 _aBotella Llusiá, José,
_d1912-2002
_930758
710 2 _aAteneo de Madrid.
_bCátedra Gregorio Marañón.
_9152925
_eedt
852 _aES-MaACL
_jN-8212/Ej.1
_cDEPOJ
_hDonación: Editorial
_xEncuadernación: cartoné
_9189052
852 _aES-MaACL
_jA-12712
_cDEPO1
_bR.148856
_dOlim: N-5712
_hDonación: Editorial
_xEncuadernación: cartoné
_9189053
942 _2udc
_cMONOGRAFIA
_n0
999 _c182142
_d182142